000 00281nmm a2200085Ia 4500
008 220120s9999||||xx |||||||||||||||||und||
100 _aSpotts, M.F. Shoup, T.E. Hornberger, L.E. and Venkatesh, C.V
245 0 _aDesign of machine elements
260 _aTata mcgraw hill company Ltd
_c2012
999 _c139781
_d139781